| 000 | 00552nam a22002177a 4500 | ||
|---|---|---|---|
| 003 | OSt | ||
| 005 | 20140310181957.0 | ||
| 008 | 121122t xxu||||| |||| 00| 0 eng d | ||
| 020 | _a0590430459 | ||
| 050 |
_aPZ 7 _b.St897 1992 |
||
| 082 |
_aKF _bSt8d 1992 |
||
| 100 |
_aStrasser, Todd _94377 |
||
| 245 |
_aThe diving bell / _cby Todd Strasser |
||
| 260 |
_aNew York _bScholastic Inc. _c1992 |
||
| 300 |
_a159 p. ; _c19 cm. |
||
| 541 | _j1 | ||
| 562 | _e1 | ||
| 650 |
_aFiction _9746 |
||
| 700 |
_aStrasser, Todd _94377 |
||
| 942 |
_2lcc _cBK-KF _kKF |
||
| 999 |
_c7954 _d7954 |
||